000 01189nam a22002657a 4500
005 20170124102928.0
010 _aA-650693
020 _c300.00
035 _aA-650693
037 _bCen Lib/Ret
040 _aDPL
_bHN
082 _a739.2709
_bतिवारी
100 _aतिवारी, पुष्पा
_944349
245 _aप्राचीन भारतीय आभूषण /
_cपुष्पा तिवारी
246 _aPracheen bhartiye aabhushan /
_bby Pushpa Tiwari
260 _bकिताब महल
_aनई दिल्ली
_c1992
270 _a28, नेताजी सुभाष मार्ग
_bनई दिल्ली
_e110002
300 _aविभिन्न पृष्ठ. :
_c23सेमी (सजिल्द)
_bचित्र
500 _aअनुक्रमाणिका एवं ग्रन्थ सूची शामिल
650 _aहिंदी -- साहित्य
_944350
650 _aभारतीय आभूषण
_9779
650 _aHindi -- literature
_944351
650 _aIndian Jewellery
_944352
942 _2ddc
_cHN
_h739.2709
_mतिवारी
999 _c111751
_d111751